000 00350nam a2200133Ia 4500
005 20260328104301.0
008 260328s9999||||xx |||||||||||||| ||und||
100 _aWright, Frank Lloyd
245 4 _aThe Early Work by Frank Lloyd Wright /
_cFrank Lloyd Wright
260 _bBramhuall House
300 _a140 p.
650 _aARQUITECTOS
942 _cBK
999 _c10606
_d10606